000 00818pam a2200265 i 4500
001 1319566
003 NUST - PNEC
005 20170116181057.0
008 780920s1979 nyua 001 0 eng
010 _a 78011264
020 _a007019310X
040 _aDLC
_cLIBRARY
_dDLC
050 0 0 _aTJ216
_b.E4
082 0 0 _a629.83 EMA
100 1 _aEmanuel, Pericles,
_d1948-
245 1 0 _aIntroduction to feedback control systems /
_cPericles Emanuel, Edward Leff.
260 _aNew York :
_bMcGraw-Hill,
_cc1979.
300 _axvi, 378 p. :
_bill. ;
_c24 cm.
490 0 _aMcGraw-Hill series in electrical engineering
500 _aIncludes index.
650 _912097
_bMS Control
_xMScon
700 1 _aLeff, Edward,
_d1938-
_ejoint author.
906 _a7
_bcbc
_corignew
_d1
_eocip
_f19
_gy-gencatlg
942 _2ddc
_cBK
999 _c68581
_d68581